| 000 | 00501nam a2200157 a 4500 | ||
|---|---|---|---|
| 001 | 000040148 | ||
| 005 | 20201002033939.0 | ||
| 008 | 130809s1972 xxu 000 0 spa d | ||
| 040 |
_aDO-SdBNP _bspa _cBNPHU |
||
| 100 | 1 |
_aPaz, Octavio _950324 |
|
| 245 | 1 | 0 |
_aThe other méxico : _bcritique of the pyramid / _cOctavio Paz ; translated by Lysander Kemp. |
| 260 |
_aNew York : _bGrove, cop, _c1972. |
||
| 300 |
_a148 p. ; _c20 cm. |
||
| 534 | _aTraducido del español | ||
| 700 | 1 |
_aKemp, Lysander _etr. _966422 |
|
| 999 |
_c39638 _d39638 |
||